Responses for Show #1309 - Thursday, April 19, 1990

Contestants

[<< previous game]

Beverly Davenport, a management consultant originally from Jeffersonville, Pennsylvania

Pete Brown, a U.S. Coast Guard officer from Mobile, Alabama

Liz Barnea, a librarian from Billings, Montana (whose 2-day cash winnings total $15,700)

[next game >>]

Jeopardy! Round responses

THE OSCARS
UTAH
FASHION DESIGNERS
WEATHER
TITLES
LEFTOVERS
    $100 26
(P: Who is Mortimer?)

Charlie McCarthy

Pete
Triple Stumper
    $100 10
Spain

Liz
    $100 1
London

Liz
    $100 3
The Ice Age

Beverly
    $100 13
Mistress

Pete
    $100 21
(minute to go in the round...)

The Civil War

Liz
    $200 27
[The end-of-round signal sounds.]

Who's Afraid of Virginia Woolf?

Liz
    $200 11
Brigham Young University

Pete
    $200 2
her wedding

Beverly
    $200 4
The Sun

Pete
    $200 14
(Pete: What is Khan?)
(Alex: Be more specific.)
(Pete: Kublai Khan?)
(Alex: No.)
(Beverly: What is... Ali Khan?)
(Alex: No... you knew you were wrong when you were saying it, didn't ya?)

Genghis Khan

PeteBeverly
Triple Stumper
    $200 22
Eight

Liz
    $300 18
Bonneville Salt Flats

Pete
    $300 7
Ralph Lauren

Liz
    $500 5
(P: What are warm & humid?)

Hot & Dry

Pete
    $300 15
Universe

Pete
    $300 23
Three Mile Island

Beverly
    $400 19
(B: What is a desert?)

Honeybees

Beverly
Triple Stumper
    $400 8
Spain

Liz
    $400 6
Nuclear Winter

Liz
    $400 16
Friar

Triple Stumper
    $400 24
William Westmoreland

Pete
    $500 20
(P: What is Sierra Nevada?)
(A: Pete, you & Beverly are in negative situations right now!)

Wasatch

Pete
Triple Stumper
    $500 9
Adolfo

Triple Stumper
    $500 12
Celsius & Fahrenheit

Pete
    $500 17
(P: What is highness?)
(B: What is excellency?)

Grace

PeteBeverly
Triple Stumper
    $500 25
Armand Hammer

Liz

Scores at the first commercial break (after clue 14):

Liz Pete Beverly
$1,300 $300 $100

Scores at the end of the Jeopardy! Round:

Liz Pete Beverly
$2,300 $200 -$500

Double Jeopardy! Round responses

RECENT U.S. HISTORY
LITERATURE
HORSES
EDUCATION
WORLD CITIES
SODOM & GOMORRAH
    $200 14
the Nautilus

Pete
    $200 9
an island

Beverly
    $200 2
(Beverly: What is a palomino?)

Appaloosa

LizBeverly
    $200 1
high school

Liz
    $200 15
Sydney

Triple Stumper
    $200 26
fire (or brimstone)

Liz
    $400 20
Thomas Dewey

Pete
    $400 10
(Liz: What is Poker Flats?)
...
(Alex: You added an unnecessary letter: the "S".)

Poker Flat

Liz
Triple Stumper
    $400 3
18

Triple Stumper
    $400 5
Johns Hopkins

Beverly
    $400 16
(Pete: What is Edinburgh?)

Glasgow

LizPete
    $400 27
[The end-of-round signal sounds.]

the Apostles

Pete
    $600 21
(Alex: ...about a minute to go in the round.)

Sam Ervin

Liz
    $500 11
Sinclair Lewis

Beverly
    $600 4
foal

Pete
    $600 6
Chicago

Beverly
    $600 17
Munich

Pete
    $800 24
Ambassador to the U.N.

Liz
    $800 12
The Fountainhead

Beverly
    $800 22
a fetlock

Liz
    $500 7
Massachusetts Institute of Technology (MIT)

Beverly
    $800 18
Medellin

Beverly
    $1000 25
(Pete: Who is Bella Abzug?)

Shirley Chisholm

PeteBeverly
    $1000 13
Laurence Sterne

Triple Stumper
    $1000 23
(Pete: What is a hansom?)

Hackney Pony

Pete
Triple Stumper
    $1000 8
Fordham

Triple Stumper
    $1000 19
Gander

Pete

Scores at the end of the Double Jeopardy! Round:

Liz Pete Beverly
$5,100 $1,000 $4,100

[wagering suggestions for these scores]

Final Jeopardy! Round responses

BUSINESS & INDUSTRY
(Alex: They own Columbia Pictures Entertainment, which owns us, which means that we are part of the [*] family now.)
PeteWhat is Sony?
$1,000
BeverlyWhat is Sony?
$2,000
LizWhat is Sony?
$3,100
Sony

Final scores:

Liz Pete Beverly
$8,200 $2,000 $6,100
3-day champion: $23,900 3rd place: Casablanca Ceiling Fan 2nd place: Jean D'Eve watch & 48-piece flatware set

Game dynamics:

Coryat scores:

Liz Pete Beverly
$5,100 $1,500 $4,500
16 R,
1 W
13 R,
8 W
(including 1 DD)
11 R
(including 2 DDs),
4 W

Combined Coryat: $11,100

[game clues] [game scores] [suggest correction]

Game tape date: 1989-12-03
The J! Archive is created by fans, for fans. Scraping, republication, monetization, and malicious use prohibited; this site may use cookies and collect identifying information. See terms. The Jeopardy! game show and all elements thereof, including but not limited to copyright and trademark thereto, are the property of Jeopardy Productions, Inc. and are protected under law. This website is not affiliated with, sponsored by, or operated by Jeopardy Productions, Inc. Join the discussion at JBoard.tv.